She-Hulk Supporting Characters by Picture - Statistics

General Stats
  • This quiz has been taken 6 times
  • The average score is 12 of 22
Answer Stats
Picture Answer % Correct
Hercules
100%
Lyra
100%
Patsy Walker
100%
Thing
100%
Jack of Hearts
83%
Thundra
83%
Two-Gun Kid
83%
Awesome Andy
50%
Blonde Phantom
50%
Bruce Banner
50%
Mallory Book
50%
Morris Walters
50%
Wyatt Wingfoot
50%
Augustus "Pug" Pugliese
33%
Holden Holliway
33%
John Jameson
33%
Angie Huang
17%
Ditto
17%
Jazinda
17%
Nosferata
17%
Southpaw
17%
Stu Cicero
17%
No matching quizzes found
Score Distribution
Percent of People with Each Score
Percentile by Number Answered
Your Score History
You have not taken this quiz